Οργανική χημεία
Αποθηκεύτηκε σε:
| Κύριος συγγραφέας: | |
|---|---|
| Άλλοι συγγραφείς: | , |
| Μορφή: | Βιβλίο |
| Γλώσσα: | Greek |
| Δημοσίευση: |
Θεσσαλονίκη :
Τζιόλα,
c2012
|
| Έκδοση: | 7η έκδ. |
| Θέματα: | |
| Ετικέτες: |
Προσθήκη ετικέτας
Δεν υπάρχουν, Καταχωρήστε ετικέτα πρώτοι!
|
MARC
| LEADER | 00000cam a2200000 i 4500 | ||
|---|---|---|---|
| 001 | 1/27309 | ||
| 008 | 130308s2012 gre d | ||
| 020 | |a 978-960-418-315-5 | ||
| 035 | |l 10113991 | ||
| 040 | |a GR-MY-UA |b gre |e aacr | ||
| 041 | 0 | |a gre | |
| 082 | 0 | |a 547 |2 (22) | |
| 100 | 1 | |a Wade, L. G. |d 1947- | |
| 245 | 1 | 0 | |a Οργανική χημεία / |c L.G. Wade ; επιμ. μετάφρασης Κομιώτης Δημήτριος ; μετάφρ. Αναστασία Βροντελή, Στυλιανή Μαντά |
| 250 | |a 7η έκδ. | ||
| 260 | |a Θεσσαλονίκη : |b Τζιόλα, |c c2012 | ||
| 300 | |a 1098 σ.; |b σχεδ., πίν.; |c 29 εκ. | ||
| 504 | |a Περιλαμβάνει ευρετήριο. | ||
| 650 | 0 | 0 | |a Chemistry, Organic. |
| 700 | 1 | |a Κομιώτης, Δημήτριος, |e edt | |
| 700 | 1 | |a Βροντελή, Αναστασία, |e trlf | |
| 852 | |a INST |b LEMNOS |c EUDOXUS |e 20130308 |h 547 WAD |p 005600000749 |q 005600000749 |t EDX |y 0 | ||
| 852 | |a INST |b LEMNOS |c EUDOXUS |e 20130517 |h 547 WAD |p 005600000851 |q 005600000851 |t EDX |y 0 | ||
| 901 | |a BIBL6-2013-1 | ||
| 909 | |a Μ |b 161025 | ||
| 909 | |a Μ |b 161125 | ||
| 920 | |a ΕΥΔΟΞΟΣ |b ΠΑΡΑΓΓΕΛΙΑ |y ΛΗΜΝΟΣ-ΤΕΤΔ |z 2013-02 | ||
| 920 | |a ΕΥΔΟΞΟΣ |b ΠΑΡΑΓΓΕΛΙΑ |y ΛΗΜΝΟΣ-ΤΕΤΔ |z 2013-04 | ||
| 970 | |a ΤΣΟΥΚΑΛΑ |b ΑΛΙΚΗ |z 2013/01/ | ||